000 00611cam a22002053a 4500
001 41848
003 PGUSA
005 20140828083938.0
008 130115s2013||||xxu|||||s|||||000 | eng d
040 _aPGUSA
_beng
042 _adc
100 1 _aPatterson, J. H.
_q(John Henry),
_d1867-1947
245 1 0 _aWith the Judæans in the Palestine Campaign
_h[electronic resource] /
_cJ. H. Patterson
260 _bProject Gutenberg,
_c2013
506 _aPublic domain in the USA.
516 _aElectronic text
830 0 _aProject Gutenberg
_v41848
856 4 0 _uhttp://www.gutenberg.org/ebooks/41848
942 _cEB
999 _c271100
_d271100